Vista normal Vista MARC

Entrada Geographic Name

Número de registros utilizados en: 1

001 - CONTROL NUMBER

  • control field: 43819

003 - CONTROL NUMBER IDENTIFIER

  • control field: OSt

005 - DATE AND TIME OF LATEST TRANSACTION

  • control field: 20240820161904.0

008 - FIXED-LENGTH DATA ELEMENTS

  • fixed length control field: 240820|| aca||aabn | a|a d

040 ## - CATALOGING SOURCE

  • Original cataloging agency: OSt
  • Transcribing agency: OSt

151 ## - HEADING--GEOGRAPHIC NAME

  • Geographic name: Europa
  • General subdivision: Historia
  • Chronological subdivision: Siglos V-XV

670 ## - SOURCE DATA FOUND

  • Source citation: Work cat.: (OSt)30817: autor Farieta Sarria , Germán 43817, Edad media ; , 2009